[Event "Hebraica op 32nd"]
[Site "Hebraica"]
[Date "2024.02.04"]
[Round "5"]
[White "Deguti Hata, Arthur Jr"]
[Black "Braga, Kaio Santos"]
[Result "1/2-1/2"]
[WhiteElo "1800"]
[BlackElo "1410"]
[PlyCount "69"]
[EventDate "2024.02.02"]
[EventType "swiss"]
[EventRounds "6"]
[EventCountry "BRA"]
[SourceTitle "CB07_2024"]
[SourceDate "2024.02.14"]
[SourceVersion "1"]
[SourceVersionDate "2024.02.14"]
[SourceQuality "1"]

1. c4 e5 2. Nc3 Nf6 3. Nf3 Nc6 4. e3 Bc5 5. Nxe5 Nxe5 6. d4 Bxd4 7. exd4 Ng6 8. Be2 h6 9. 0-0 0-0 10. Re1 d5 11. b3 c6 12. Be3 Be6 13. Rc1 Re8 14. h3 Qd7 15. cxd5 Nxd5 16. Nxd5 Bxd5 17. Bf3 Rad8 18. Bxd5 Qxd5 19. Rc5 Qd7 20. Qh5 Nf4 21. Qd1 Ne6 22. Rc4 c5 23. Qg4 Nxd4 24. Qxd7 Rxd7 25. Rxc5 Nc6 26. Rcc1 Red8 27. Rc4 Re8 28. Kf1 a6 29. Rg4 Ne5 30. Re4 Rde7 31. Bc5 Re6 32. Bd4 Nc6 33. Rxe6 Rxe6 34. Rxe6 fxe6 35. Bc3 1/2-1/2

[Event "Hebraica op 32nd"]
[Site "Hebraica"]
[Date "2024.02.04"]
[Round "6"]
[White "Santos, Marcos Correia"]
[Black "Deguti Hata, Arthur Jr"]
[Result "1/2-1/2"]
[WhiteElo "1543"]
[BlackElo "1800"]
[PlyCount "98"]
[EventDate "2024.02.02"]
[EventType "swiss"]
[EventRounds "6"]
[EventCountry "BRA"]
[SourceTitle "CB07_2024"]
[SourceDate "2024.02.14"]
[SourceVersion "1"]
[SourceVersionDate "2024.02.14"]
[SourceQuality "1"]

1. c4 Nf6 2. Nc3 e6 3. g3 d5 4. cxd5 exd5 5. Bg2 c6 6. Nf3 Bd6 7. 0-0 0-0 8. d3 Bg4 9. Qb3 Qb6 10. Qc2 Nbd7 11. h3 Bh5 12. b3 Ne5 13. Nxe5 Bxe5 14. g4 Bg6 15. Bb2 Qc7 16. Rac1 Qb8 17. Qd2 h6 18. f4 Bd4+ 19. e3 Bb6 20. Na4 Bd8 21. Nc5 Re8 22. Bxf6 Bxf6 23. Nd7 Qd6 24. Nxf6+ Qxf6 25. f5 Bh7 26. e4 Qd4+ 27. Kh1 dxe4 28. Rf4 e3 29. Qb4 Qb2 30. Qc4 Qd2 31. Qc2 Rad8 32. Be4 g6 33. Qxd2 exd2 34. Rd1 gxf5 35. gxf5 Rd4 36. Rxd2 Bxf5 37. Rg2+ Bg6 38. Rfg4 Kf8 39. Bxg6 Rxg4 40. Rxg4 fxg6 41. Rxg6 Re3 42. Rxh6 Kg7 43. Rh4 Rxd3 44. Rg4+ Kh6 45. h4 Rd1+ 46. Kh2 Rd2+ 47. Rg2 Rd4 48. Kh3 c5 49. Re2 Rd7 1/2-1/2